00791pam a2200193 a 4500020002200000040000800022082002600030100002300056245008300079260008100162300003300243650002100276650002300297856006300320856005500383942000700438999001700445952013500462 a0521277736 (pbk.) cDLC00a428 CAM 1984 A023 Or.1 aRinvolucri, Mario.10aGrammar games :bcognitive, affective, and drama activities for EFL students / aCambridge [Cambridgeshire] ;aNew York :bCambridge University Press,c1984. avi, 138 p. :bill. ;c25 cm. 0aEnglish language 0aEducational games.42uhttp://www.loc.gov/catdir/description/cam022/84007738.html41uhttp://www.loc.gov/catdir/toc/cam025/84007738.html cEK c13323d13323 0010406428_000000000000000_CAM_1984_A024_OR70964174aLBAbLBAcA024d2017-08-23o428 CAM 1984 A024 Or.pA21125r2017-08-23yEK